01856nam a2200361 i 4500001001000000003000900010005001700019007000300036008004100039040003000080041000800110082002400118100004400142245021200186246007300398246005000471264009800521300002800619336002700647337003400674338002900708590002600737650003600763650005200799700002900851700003100880910004200911942001400953952015000967952021201117952015001329999001501479000007203DO-SdBNP20260310111852.0ta090907s1981 dr 000 0 spa d aDO-SdBNPbspacBNPHUerda aspa 4a467.0903bG643i2221 aGonzález, Antonioeautor4aut.91998810aInforme de la investigación del léxico básico de la lengua escrita en República Dominicana y diccionario de uso, frecuencia y dispersión /cAntonio González, Santiago Cabanes, Francisco García.14aLéxico básico de la lengua escrita en la República Dominicana.13aDiccionario de uso, frecuencia y dispersión aSanto Domingo, República Domicana :bUniversidad Nacional Pedro Henríquez Ureña,c1981. a374 páginas ;c20 cm. atextobtxt2rdacontent asin mediaciónbn2rdamedia  avolumenbnc2rdacarrier  aInventariado, 2018/LP 4aEspañolxLexicología919989 4aEspañolxGlosarios, vocabularios, etc.9199901 aCabanes, Santiago9199911 aGarcía, Francisco919992 aValidado. Control de calidad. MMOLINA 2ddccLBS1 00102ddc56708DS-RaBNPHUbBNPHUcHDd2010-09-08l0oBNPHU R-DS 467.0903 G643ip7203-30r2020-06-25te.3w2020-06-25yLBS1ZPréstamo en sala 00102ddc51708PD-RaBNPHUbBNPHUcHDd2009-09-07l0oBNPHU R-PD 467.0903 G643ip7203-10r2020-06-25w2020-06-25yLBS1zPerteneció a la biblioteca personal de Juan Isidro Jimenes Grullón.ZNo se presta 00102ddc51708PD-RaBNPHUbBNPHUcHDd2010-03-16l0oBNPHU R-PD 467.0903 G643ip7203-20r2020-06-25te.2w2020-06-25yLBS1ZPréstamo en sala c6984d6984